000
00361nam a2200133Ia 4500
008
100328s9999 xx 000 0 und d
082
_b
18991
100
_a
माटे श्री. म.
245
_a
भाव-कथा
260
_b
पं.अ.कुलकर्णी
630
_a
भाव-कथा
730
_a
भाव-कथा
942
_c
BOOK
999
_c
513346
_d
513343